000 00485nam a2200169 a 4500
001 53630
005 20180714044003.0
008 140415s1986 000 0 spa d
041 _aspa
082 _a632.953
_bROJ
100 1 _aRojas GarcidueƱas, Manuel,.
245 1 0 _aMANUAL TEORICO-PRACTICO DE HERBICIDAS Y FITORREGULADORES
250 _a2a ed.
260 _a[s.l.] :
_bED. LIMUSA,
_c1986
300 _a144
650 1 4 _aCONTROL DE MALEZAS
_xMANUAL
_xHERBICIDAS
999 _c53630
_d53630